Динамический метод и средство контроля механического коэффициента полезного действия цепных передач: диссертация на соискание ученой степени кандидата технических наук; спец. 05.11.13

Dades bibliogràfiques
Autor principal: Козлов К. Э. Константин Эдуардович
Autor corporatiu: Поволжский государственный технологический университет (ПГТУ), Национальный исследовательский Томский политехнический университет (ТПУ)
Altres autors: Егоров А. В. Алексей Васильевич (научный руководитель), Данилевич С. Б. Сергей Борисович (научный консультант)
Sumari:Защищена 17.11.2015 г.
Idioma:rus
Publicat: Томск, 2015
Matèries:
Format: MixedMaterials Llibre
KOHA link:https://koha.lib.tpu.ru/cgi-bin/koha/opac-detail.pl?biblionumber=312246

MARC

LEADER 00000nbm0a2200000 4500
001 312246
005 20231102002451.0
035 |a (RuTPU)RU\TPU\book\337614 
035 |a RU\TPU\book\336900 
090 |a 312246 
100 |a 20151209j20151117k y0rusy50 ca 
101 0 |a rus 
102 |a RU 
105 |a a m 001zy 
200 1 |a Динамический метод и средство контроля механического коэффициента полезного действия цепных передач  |e диссертация на соискание ученой степени кандидата технических наук  |e спец. 05.11.13  |f К. Э. Козлов  |g Поволжский государственный технологический университет (ПГТУ) ; Национальный исследовательский Томский политехнический университет (ТПУ) ; науч. рук. А. В. Егоров ; науч. конс. С. Б. Данилевич 
210 |a Томск  |a Йошкар-Ола  |d 2015 
215 |a 177 л.  |c ил. 
300 |a Защищена 17.11.2015 г. 
320 |a Библиогр.: с. 139-148 (102 назв.). 
452 1 |0 (RuTPU)RU\TPU\book\343963  |t Динамический метод и средство контроля механического коэффициента полезного действия цепных передач  |o диссертация на соискание ученой степени кандидата технических наук  |o спец. 05.11.13  |f К. Э. Козлов  |g Поволжский государственный технологический университет (ПГТУ) ; науч. рук. А. В. Егоров  |c Томск  |c Йошкар-Ола  |n [Б. и.]  |d 2015  |a Козлов, Константин Эдуардович 
606 1 |a Цепные передачи  |x Расчет  |2 stltpush  |3 (RuTPU)RU\TPU\subj\18174  |9 43674 
610 1 |a КПД 
610 1 |a контроль 
610 1 |a механические потери 
610 1 |a параметры 
610 1 |a изменение 
610 1 |a диссертаци 
610 1 |a труды учёных ТПУ 
675 |a 621.855(04)  |v 3 
686 |a 05.11.13  |2 oksvnk 
700 1 |a Козлов  |b К. Э.  |g Константин Эдуардович 
702 1 |a Егоров  |b А. В.  |c специалист в области неразрушающего контроля  |c заведующий лабораторией Томского политехнического университета  |g Алексей Васильевич  |2 stltpush  |3 (RuTPU)RU\TPU\pers\35127  |4 727 
702 1 |a Данилевич  |b С. Б.  |g Сергей Борисович  |4 695 
712 0 2 |a Поволжский государственный технологический университет (ПГТУ)  |c (Йошкар-Ола)  |c (2012- )  |2 stltpush  |3 (RuTPU)RU\TPU\col\18477 
712 0 2 |a Национальный исследовательский Томский политехнический университет (ТПУ)  |c (2009- )  |2 stltpush  |3 (RuTPU)RU\TPU\col\15902 
801 1 |a RU  |b 63413507  |c 20151218 
801 2 |a RU  |b 63413507  |c 20160930  |g RCR 
942 |c BK